15 Najpopularniejszych Nazw Miejscowości w Polsce - Statystyki

Ogólne statystyki
  • Ten quiz został rozwiązany 487 razy
  • Średni wynik to 2 z 15
Statystyki odpowiedzi
Lp. # Odpowiedź % Poprawnych
3. 316 Nowa Wieś
80%
1. 436 Stara Wieś
54%
8. 215 Dąbrowa
17%
5. 268 Góra
16%
9. 198 Zalesie
12%
6. 262 Kolonia
11%
7. 231 Dół
9%
10. 182 Górki
5%
4. 273 Piaski
5%
2. 340 Podlesie
5%
15. 152 Górka
4%
12. 174 Kąty
4%
14. 157 Zagórze
3%
11. 175 Folwark
2%
13. 168 Góry
2%
Nie znaleziono quizów pasujących do podanych kryteriów
Rozkład punktacji
Procent ludzi z każdym wynikiem
Percentyl według liczby udzielonych odpowiedzi
Twoja historia wyników
Nie rozwiązałeś tego quizu